| 000 | 00887nam a22002537a 4500 | ||
|---|---|---|---|
| 001 | 7992 | ||
| 003 | FISKH | ||
| 005 | 20250827140836.0 | ||
| 008 | 250818b cb ||||| |||| 00| 0 eng d | ||
| 020 | _a9780516252612 | ||
| 040 |
_aFISKH _beng _cFISKH _dFISKH |
||
| 050 | _aQA115.L466 | ||
| 082 | _a513.2 | ||
| 100 | _aLeslie, Tonya | ||
| 245 |
_aDivide it up! / _cby Tonya Leslie |
||
| 260 |
_aNew York : _bScholastic, _c2006. |
||
| 300 |
_a31 pages : _bcolor illustrations ; _c19 cm |
||
| 505 | _aJ | ||
| 520 | _aThe popular Rookie Books expand their horizons - to all corners of the globe! With this series all about geography, emergent readers will take off on adventures to cities, nations, waterways, and habitats around the world...and right in their own backyards. | ||
| 521 | 8 |
_a430
_bLexile |
|
| 521 | 8 |
_aJ
_bRaz-Plus |
|
| 942 |
_2ddc _cBK _n0 |
||
| 999 |
_c7992 _d7992 |
||